TV Show by Surname Quiz Stats

Quiz Updated Jan 22, 2014

Also try: TV Series Surnames
Challenge
Share
Tweet
Embed
Score 0/18 Timer 02:00
0 Plays Today
Surname TV Show % Correct
FlandersSimpsons
86.7%
BingFriends
80.9%
TannerFull House
68.6%
BaroneEverybody Loves Raymond
65.3%
MosbyHow I Met Your Mother
64.3%
TurkScrubs
63.5%
BenesSeinfeld
59.4%
HalpertThe Office
59.2%
DunphyModern Family
54.5%
Surname TV Show % Correct
F√ľnkeArrested Development
53.6%
SwansonParks and Recreation
50.6%
SpacelyJetsons
50.2%
CuddyHouse M.D.
46.7%
PinkmanBreaking Bad
29.2%
DiNozzoNCIS
28.8%
MoonFrasier
25%
Maroney30 Rock
23.6%
WongFuturama
11.3%

You're not logged in!

Compare scores with friends on all Sporcle quizzes.
Join for Free
OR
Log In

You Might Also Like...

Show Comments

Extras

Top Quizzes Today


Score Distribution

Your Account Isn't Verified!

In order to create a playlist on Sporcle, you need to verify the email address you used during registration. Go to your Sporcle Settings to finish the process.

Report this User

Report this user for behavior that violates our Community Guidelines.

Details: